| 000 -LEADER |
| fixed length control field |
02361cam a2200241 i 4500 |
| 020 ## - INTERNATIONAL STANDARD BOOK NUMBER |
| ISBN |
9781975196561 |
| 020 ## - INTERNATIONAL STANDARD BOOK NUMBER |
| ISBN |
1975196562 |
| 082 ## - DEWEY DECIMAL CLASSIFICATION NUMBER |
| Classification number |
610.7343 |
| Item number |
D3723 2024 |
| 100 1# - MAIN ENTRY--AUTHOR NAME |
| Personal name |
DeMarco, Rosanna F., author. |
| 245 10 - TITLE STATEMENT |
| Title |
Community and public health nursing : evidence for practice / Rosanna F. DeMarco, Judith Healey-Walsh. |
| 250 ## - EDITION STATEMENT |
| Edition statement |
Fourth edition. |
| 260 ## - PUBLICATION, DISTRIBUTION, ETC. (IMPRINT) |
| Place of publication |
Philadelphia : |
| Name of publisher |
Wolters Kluwer, |
| Year of publication |
c2024. |
| 300 ## - PHYSICAL DESCRIPTION |
| Number of Pages |
xix, 652 pages : |
| Other physical details |
color illustrations ; 28 cm |
| 500 ## - GENERAL NOTE |
| General note |
Preceded by Community and public health nursing / Rosanna F. DeMarco, Judith Healey-Walsh. Third edition. [2020] |
| 505 0# - FORMATTED CONTENTS NOTE |
| Formatted contents note |
Part One: The Context of Community and Public Health Nursing -- Chapter 1: Foundations of Public Health Nursing -- Chapter 2: Public Health Systems -- Chapter 3: Health Policy, Politics, and Reform -- Chapter 4: Global Health -- Part Two: Evidence-Based Practice and Population Health -- Chapter 5: Frameworks for Health Promotion, Disease Prevention, and Risk Reduction -- Chapter 6: Epidemiology: The Science of Prevention -- Chapter 7: Describing Health Conditions: Understanding and Using Rates -- Chapter 8: Gathering Evidence for Public Health Practice -- Part Three: Implementing Nursing Practice in Community Settings -- Chapter 9: Planning for Community Change -- Chapter 10: Cultural Awareness, Sensitivity, and Respect -- Chapter 11: Community Assessment -- Chapter 12: Care Management, Case Management, and Home Healthcare -- Chapter 13: Family Assessment |
| 505 8# - FORMATTED CONTENTS NOTE |
| Formatted contents note |
Part Four: Challenges in Community and Public Health Nursing -- Chapter 14: Risk of Infectious and Communicable Diseases -- Chapter 15: Emerging Infectious Diseases -- Chapter 16: Violence and Abuse -- Chapter 17: Substance Use Disorder -- Chapter 18: Health Inequities in Populations -- Chapter 19: Environmental Health -- Chapter 20: Community Preparedness: Disaster and Terrorism -- Part Five: Specialty Practice -- Chapter 21: Community Mental Health -- Chapter 22: School Health -- Chapter 23: Innovative Community Engagement Practice to Advance Population Health -- Chapter 24: Palliative and End-of-Life Care -- Chapter 25: Occupational Health Nursing |
| 650 #0 - SUBJECT ADDED ENTRY--TOPICAL TERM |
| Topical Term |
Community health nursing. |
| 650 #0 - SUBJECT ADDED ENTRY--TOPICAL TERM |
| Topical Term |
Public health nursing. |
| 650 #0 - SUBJECT ADDED ENTRY--TOPICAL TERM |
| Topical Term |
Evidence-based nursing. |
| 650 22 - SUBJECT ADDED ENTRY--TOPICAL TERM |
| Topical Term |
Nursing Theory. |
| 700 1# - ADDED ENTRY--PERSONAL NAME |
| Personal name |
Healey-Walsh, Judith. |
| 942 ## - ADDED ENTRY ELEMENTS (KOHA) |
| Koha item type |
Books |